Normal view
MARC view
Entry Personal Name
001 - CONTROL NUMBER
- control field: 42208
003 - CONTROL NUMBER IDENTIFIER
- control field: OSt
005 - DATE AND TIME OF LATEST TRANSACTION
- control field: 20160302162937.0
008 - FIXED-LENGTH DATA ELEMENTS
- fixed length control field: 160302|| aca||aabn | a|a d
040 ## - CATALOGING SOURCE
- Original cataloging agency: OSt
- Transcribing agency: OSt
100 ## - HEADING--PERSONAL NAME
- Personal name: शर्मा सत्यनारायण
670 ## - SOURCE DATA FOUND
- Source citation: Work cat.: (OSt)25551: शर्मा सत्यनारायण , ह्रदय - तरंग , 1940









